00285nam a2200121Ia 4500008004100000041000800041082001200049100002100061245002400082260002600106300002400132365000700156240624s9999 xx 000 0 und d aeng a823 SUB aSUBRAMANIAN RAVI aIF GOD WAS A BANKER c2007aNew DelhibRupa a260 : p. : cm. ; 19 cRS